000 00642nam a2200145Ia 4500
008 100122s9999 xx 000 0 und d
082 _b49837
_a823.08
100 _aसावरकर विनायक दामोदर
245 _aअंधश्रध्दा निर्मूलन कथा ( क.क्र.26/4 )
260 _bवीर सावरकर प्रकाशन
_c1994
300 _a220
630 _aअंधश्रध्दा निर्मूलन कथा ( क.क्र.26/4 )
730 _aअंधश्रध्दा निर्मूलन कथा ( क.क्र.26/4 )
942 _cBOOK
999 _c427678
_d427675